000
00295nam a22001337a 4500
008
171023b xxu||||| |||| 00| 0 eng d
020
_a
9780534377557
041
_a
eng
080
_a
311
100
_a
55
101
_a
STA
245
_a
INTRODUCTION STATISTICS
_c
WOODBURY.G
942
_2
udc
_c
BK
999
_c
35504
_d
35504